000 00740nab a22002297a 4500
001 11055
003 HDC
007 cr bn ---aaaaa
008 210128c99999999my ||||o |||| 00| 00eng d
040 _aHDC
245 0 _aHalal Market in France Continues to Expand
336 _atext
_2rdacontent
337 _acomputer
_2rdamedia
338 _aonline resource
_2rdacarrier
650 _aFood
_xReligious aspect
_xIslam
_97432
650 _aHalal food industry
_zFrance
_911275
710 _aThe Meat Site
856 _zRequest full-text at [email protected]
942 _2lcc
942 _cNEWS
942 _kNWSO 001486
999 _c8378
_d8378